| 000 | 01028nam a2200265 a 4500 | ||
|---|---|---|---|
| 001 | 000019108 | ||
| 005 | 20200929165927.0 | ||
| 008 | 100525s1970 ve 000 0 spa d | ||
| 040 |
_aDO-SdBNP _bspa _cBNPHU |
||
| 041 | 1 | 7 |
_aspa _heng _2Código de idioma MARC |
| 082 |
_annnn _bF211d |
||
| 100 | 1 |
_aFanger, Donald, _941119 |
|
| 240 | 1 | 0 |
_aDostoievski and romantic realism. _lEspañol. |
| 245 | 1 | 0 |
_aDostoievski y el realismo romántico / _cDonald Fanger ; traducción de Francisco Rivera. |
| 260 |
_aVenezuela : _bBiblioteca de la Universidad Central de Venezuela, _c1970. |
||
| 300 |
_a289 p. ; _c21 cm. |
||
| 490 | 1 |
_aTemas _v33 |
|
| 504 | _aIncluye referencias bibliográficas y notas al pie de las páginas. | ||
| 534 |
_pTítulo original en inglés: _tDostoievski and romantic realism. _cCambridge, Massachusetts : Harvard University, 1967 |
||
| 504 | _aBibliografía: p. (273-[279]) | ||
| 700 | 1 |
_aRivera, Francisco, _etr. _920660 |
|
| 830 | 0 |
_aTemas ; _v33 _99064 |
|
| 910 | _aCatalogación original | ||
| 049 | _aBNGR | ||
| 999 |
_c18626 _d18626 |
||